000 00789nam a2200229Ii 4500
003 JO-AjNU
008 230605s9999||||xx |||||||||||||| ||und||
017 _a2007/3/822
020 _a978-9957-463-41-0
040 _aJO-AjNU
_bara
_erda
_cJO-AjNU
041 _aara
050 1 4 _aPJ7805.8 2007
100 3 _aتأليف السليماني،عيسى بن محمد بن عبدالله ,
_eauthor
_911208
245 0 0 _aديوان نور الدين السالمي: تحقيق ودراسة
250 _aط1
264 3 1 _aعمان:دار كنوز المعرفة العلمية،2007
300 _a305ص
336 _atext
_btxt
_2rdacontent
337 _aunmediated
_bn
_2rdamedia
338 _avolume
_bnc
_2rdacarrier
650 4 _aالشعر العربي - العصر الحديث
_911209
999 _aA2204
_c5772
_d5772